Statistics for Регистарске ознаке у Србији

Click here to take the quiz!

General Stats

  • This quiz has been taken 1 696 times
  • The average score is 56 of 80

Answer Stats

ОзнакаРегион% Correct
BGБеоград
100%
NSНови Сад
97%
KGКрагујевац
96%
NIНиш
94%
ČAЧачак
93%
ZRЗрењанин
93%
ŠAШабац
91%
VAВаљево
91%
JAЈагодина
91%
ARАранђеловац
91%
KVКраљево
89%
LEЛесковац
88%
SUСуботица
88%
Крушевац
88%
VRВрање
88%
ALАлексинац
86%
NPНови Пазар
86%
UBУб
86%
INИнђија
86%
Вршац
85%
KIКикинда
84%
ĆUЋуприја
84%
ZAЗајечар
84%
SOСомбор
83%
UEУжице
83%
ŠIШид
83%
PAПанчево
82%
BOБор
82%
GMГорњи Милановац
82%
LOЛозница
81%
POПожаревац
81%
KMКосовска Митровица
81%
RUРума
79%
SMСремска Митровица
78%
SDСмедерево
77%
PIПирот
74%
ĐAЂаковица
73%
BPБачка Паланка
72%
NVНова Варош
72%
VPВелика Плана
71%
LBЛебане
70%
Пожега
69%
Бечеј
66%
NGНеготин
65%
PRПриштина
65%
SJСјеница
64%
KLКладово
64%
ICИвањица
64%
TSТрстеник
63%
BBБајина Башта
63%
PEПећ
63%
PPПријепоље
62%
PNПараћин
62%
PZПризрен
62%
Књажевац
62%
VLВласотинце
60%
BTБачка Топола
60%
PBПрибој
59%
TOТопола
58%
URУрошевац
58%
PKПрокупље
58%
TTТутин
58%
RAРашка
57%
DEДеспотовац
57%
ACАлександровац
55%
BUБујановац
55%
KAКањижа
54%
VSВрбас
54%
STСтара Пазова
53%
LUЛучани
51%
GLГњилане
50%
VBВрњачка Бања
50%
SVСвилајнац
49%
SPСмедеревска Паланка
46%
KOКовин
42%
Богатић
38%
PTПетровац
35%
SAСента
31%
SCСурдулица
30%
KCКоцељева
27%

Score Distribution

Percentile by Number Answered

Percent of People with Each Score

Your Score History

You have not taken this quiz